| 000 | 00887nam a2200277Ia 4500 | ||
|---|---|---|---|
| 003 | OSt | ||
| 005 | 20241018113712.0 | ||
| 008 | 210716s2008 xx 000 0 und d | ||
| 020 | _a9788120326453 | ||
| 040 | _cAIMIT LIBRARY | ||
| 041 | _aeng | ||
| 082 |
_a005.74 _bNARR |
||
| 100 |
_aNarang, Rajesh. _9182596 |
||
| 245 |
_aDatabase management systems / _cBy Rajesh Narang. |
||
| 250 | _a1st ed. | ||
| 260 |
_aNew Delhi : _bPrentice Hall of India PVt Ltd , _c2008. |
||
| 300 |
_axvii,398 _bPB _c24 cm. |
||
| 650 |
_aEntity relationship model _9182597 |
||
| 650 |
_aStorage structure _9182598 |
||
| 650 |
_aArchitecture of system R and oracle _9182599 |
||
| 650 |
_aNormalization _9182600 |
||
| 650 |
_aStructured query langauage _9182601 |
||
| 650 |
_aCursor management and advanced PL/SQL _9182602 |
||
| 650 |
_aQueries optimization _9182603 |
||
| 942 |
_2ddc _cBK _k005.74 NARR |
||
| 999 |
_c188989 _d188989 |
||